|
|
|
|
| LEADER |
00620cam a2200181 7i4500 |
| 001 |
0000005018 |
| 005 |
20120529090000.0 |
| 020 |
|
|
|a 0736037187 (pbk.)
|
| 050 |
0 |
0 |
|a GV943.8 COA 2001
|
| 090 |
0 |
0 |
|a GV943.8
|b .C67 2001
|
| 245 |
0 |
0 |
|a Coaching youth soccer
|c American Sport Education Program.
|
| 260 |
|
|
|a Champaign, IL:
|b Human Kinetics,
|c 2001.
|
| 300 |
|
|
|a viii, 159 p.:
|b ill.;
|c 23 cm.
|
| 650 |
0 |
0 |
|a Soccer for children --
|x Coaching
|
| 650 |
0 |
0 |
|a Soccer --
|x Coaching
|
| 710 |
2 |
|
|a American Sport Education Program
|
| 998 |
0 |
0 |
|a Sport Management Industry, Diploma
|
| 999 |
|
|
|a 0000003886
|b BOK
|c OPEN SHELF
|e 1st Floor, Bestari Jaya
|